| 000 | 00424nam a2200145Ia 4500 | ||
|---|---|---|---|
| 999 |
_c529073 _d529073 |
||
| 005 | 20190919114704.0 | ||
| 008 | 190125s9999 xx 000 0 und d | ||
| 040 | _cMUHAMMAD SOHAIL | ||
| 082 | _a923.4 | ||
| 100 |
_aGulbadeen Begum binte Babar Badsha _920934 |
||
| 245 |
_aھمایوں نامہ ۔۔۔۔۔۔۔۔۔۔ _hHumayon Nama |
||
| 260 |
_bSange Meel _aLahore _c2005 |
||
| 300 |
_a272,p. : _c21cm _eHB |
||
| 942 |
_2ddc _cBK |
||